A pontinha menorzinha do enfeitinho do fim do cabo de uma colherzinha (Record no. 153846)

MARC details
000 -LÍDER
campo de controle de tamanho fixo 00430 a2200145 4500
001 - NÚMERO DE CONTROLE
campo de controle 153846
040 ## - FONTE DA CATALOGAÇÃO
Instituição que transcreveu o registro Escola São Tomás de Aquino
100 ## - ENTRADA PRINCIPAL--NOME PESSOAL
Nome pessoal VIGNA, Elvira
240 10 - TÍTULO UNIFORME
Título uniforme A pontinha menorzinha do enfeitinho do fim do cabo de uma colherzinha
Idioma da obra por
245 10 - TÍTULO
Título A pontinha menorzinha do enfeitinho do fim do cabo de uma colherzinha
362 0# - DATAS DE PUBLICAÇÃO E/OU DESIGNAÇÃO SEQUENCIAL
Datas de publicação e/ou designação sequencial 1984
440 #1 - DECLARAÇÃO DE SÉRIE/ENTRADA ADICIONADA--TÍTULO
Título Miguilim
697 ## - ENTRADA DE ASSUNTO LOCAL--ENTIDADE COLETIVA (RLIN)
Nome corporativo ou nome da jurisdição *LITERATURA INFANTIL
942 ## - ELEMENTOS DE ENTRADA ADICIONADOS (KOHA)
Tipo de material Koha Livros
Holdings
Situação do descarte Situação das perdas Situação física Não pode ser emprestado Biblioteca de origem Biblioteca atual Data de aquisição Total de empréstimos Número de chamada completo Código de barras Data de último acesso Data do último empréstimo Data do preço efetivo Tipo de material Koha
        ESTA - SÃO BENTO ESTA - SÃO BENTO 30/04/2024 1 028.51 VIG PON EST00007905 27/05/2024 24/05/2024 30/04/2024 Livros